000 00528nam a2200205Ia 4500
003 0100
008 130303s9999 xx 000 0 und d
040 _cARRUPELIB
050 _aB1498.S4 1965
245 _aHuman Understanding
245 _bstudies in the philosophy of David Hume
260 _aBelmont, California
260 _bWadsworth Publishing Company, INC
260 _C1965
300 _avii
300 _b 116p. 22cm
650 _aPHILOSOPHY
700 _aSesonske, Alexander; Fleming; Noel
942 0 0 _01
999 _c39717
_d39717